[Event "Russian Championship B11 1st league 2016"]
[Site "Loo"]
[Date "2016.04.22"]
[Round "3.20"]
[White "Ionochkin, Maksim"]
[Black "Pushkin, Vasiliy"]
[Result "1-0"]
[WhiteElo "1761"]
[BlackElo "1370"]
[PlyCount "65"]
[EventDate "2016.04.20"]

1. d4 Nf6 2. c4 e6 3. Nc3 Bb4 4. Qc2 Bxc3+ 5. bxc3 d6 6. Nf3 Nc6 7. e4 e5 8.
Ba3 Bg4 9. O-O-O Bxf3 10. gxf3 a6 11. dxe5 Nxe5 12. f4 Ned7 13. Bh3 O-O 14. e5
Ne8 15. exd6 c6 16. Rhe1 Nef6 17. Re7 Re8 18. Bxd7 Nxd7 19. Qf5 Nf6 20. Rg1 Kf8
21. Rxe8+ Nxe8 22. Qxh7 f6 23. d7+ Kf7 24. dxe8=Q+ Qxe8 25. Qxg7+ Ke6 26. Re1+
Kf5 27. Rxe8 Rxe8 28. Qd7+ Re6 29. h4 b5 30. cxb5 c5 31. Qd5+ Re5 32. fxe5 Kf4
33. exf6 1-0

[Event "Russian Championship B11 1st league 2016"]
[Site "Loo"]
[Date "2016.04.22"]
[Round "3.21"]
[White "Demekhin, Maxim"]
[Black "Kichin, Alexander"]
[Result "0-1"]
[WhiteElo "1334"]
[BlackElo "1605"]
[PlyCount "112"]
[EventDate "2016.04.20"]

1. d4 d5 2. c4 e6 3. Nc3 Nf6 4. cxd5 exd5 5. Bg5 Be7 6. e3 Bf5 7. Qb3 b6 8.
Bxf6 gxf6 9. Qxd5 Qxd5 10. Nxd5 Kd7 11. Nxe7 Kxe7 12. Rc1 Rc8 13. Be2 Be4 14.
Bf3 Bxf3 15. Nxf3 Nd7 16. Kd2 c5 17. d5 Ne5 18. Ke2 Rd8 19. Rhd1 Rd6 20. b3
Nxf3 21. gxf3 f5 22. e4 fxe4 23. fxe4 Rad8 24. Ke3 Rh6 25. Rh1 f5 26. f3 Rh3
27. Rcg1 fxe4 28. Kxe4 Kf6 29. Rg3 Rh5 30. Rhg1 Rdxd5 31. Rg7 Rhe5+ 32. Kf4
Rd4+ 33. Kg3 Kxg7 34. Kf2+ Kf7 35. a3 Rd2+ 36. Kf1 Rd1+ 37. Kf2 Rxg1 38. Kxg1
Re3 39. h4 Rxb3 40. h5 Rxa3 41. h6 Rxf3 42. Kg2 Ra3 43. Kf2 b5 44. Ke2 b4 45.
Kd2 b3 46. Kc3 c4 47. Kb2 Ra2+ 48. Kb1 c3 49. Kc1 b2+ 50. Kc2 Ra1 51. Kb3 b1=Q+
52. Kc4 c2 53. Kc5 c1=R+ 54. Kd6 Qd3+ 55. Ke5 Rc5+ 56. Kf4 Ra4# 0-1

[Event "Russian Championship B11 1st league 2016"]
[Site "Loo"]
[Date "2016.04.22"]
[Round "3.23"]
[White "Matveev, Andrey"]
[Black "Dunaev, Artem"]
[Result "1-0"]
[WhiteElo "1501"]
[BlackElo "1299"]
[PlyCount "103"]
[EventDate "2016.04.20"]

1. e4 c5 2. Nf3 d6 3. d4 cxd4 4. Nxd4 Nf6 5. Nc3 a6 6. Bc4 e6 7. Be3 b5 8. Bb3
Bb7 9. f3 Be7 10. O-O Nbd7 11. a3 O-O 12. Qe1 Ne5 13. Qg3 Ng6 14. Bxe6 d5 15.
Bxd5 Nxd5 16. Nxd5 Bxd5 17. exd5 Qxd5 18. Rad1 Qb7 19. f4 f5 20. Ne6 Rf6 21.
Ng5 Nf8 22. Bd4 Rg6 23. Qb3+ Ne6 24. Nf3 Kf8 25. Ne1 Re8 26. Qf3 Qxf3 27. Nxf3
Bd6 28. Ne5 Rh6 29. g3 Nxd4 30. Rxd4 Bc5 31. Nd7+ Kg8 32. Nxc5 Rc8 33. b4 a5
34. c3 a4 35. Rd7 Re8 36. Rd2 Re3 37. Rc2 Kf7 38. Nd7 Ke7 39. Ne5 Rh5 40. Kf2
Re4 41. h4 g5 42. fxg5 Rxe5 43. Re2 Rxe2+ 44. Kxe2 h6 45. Rxf5 hxg5 46. Rxg5
Rh6 47. Rxb5 Re6+ 48. Kf3 Rc6 49. Rc5 Rf6+ 50. Ke4 Re6+ 51. Re5 Rxe5+ 52. Kxe5
1-0

[Event "Russian Championship B11 1st league 2016"]
[Site "Loo"]
[Date "2016.04.22"]
[Round "3.24"]
[White "Kucherov, Matvey"]
[Black "Gusev, Nikita"]
[Result "1-0"]
[WhiteElo "1496"]
[BlackElo "1229"]
[PlyCount "49"]
[EventDate "2016.04.20"]

1. e4 c5 2. c3 e6 3. d4 d5 4. exd5 exd5 5. Bd3 cxd4 6. cxd4 Nf6 7. Ne2 Bd6 8.
Nbc3 Nc6 9. O-O O-O 10. h3 Bd7 11. Bg5 h6 12. Bxf6 Qxf6 13. Qd2 Nxd4 14. Nxd4
Qxd4 15. Bh7+ Kxh7 16. Qxd4 Bc6 17. Kh1 b6 18. b4 Rfe8 19. Rae1 f6 20. f3 Rac8
21. a3 Bb7 22. Rxe8 Rxe8 23. Qd2 d4 24. Qxd4 Bb8 25. Qd7 1-0

[Event "Russian Championship B11 1st league 2016"]
[Site "Loo"]
[Date "2016.04.22"]
[Round "3.25"]
[White "Nasyrov, Anton"]
[Black "Lazarev, Ivan"]
[Result "1/2-1/2"]
[WhiteElo "1463"]
[BlackElo "1162"]
[PlyCount "110"]
[EventDate "2016.04.20"]

1. e4 c6 2. d4 d5 3. Nd2 dxe4 4. Nxe4 Na6 5. Bxa6 Qa5+ 6. Bd2 Qxa6 7. Qe2 Qxe2+
8. Nxe2 Bf5 9. N2g3 Bxe4 10. Nxe4 e6 11. O-O-O Be7 12. Bf4 Rd8 13. Nc5 Bxc5 14.
dxc5 Nf6 15. Rxd8+ Kxd8 16. Rd1+ Kc8 17. f3 Rd8 18. c4 Rxd1+ 19. Kxd1 Nd7 20.
b4 e5 21. Bg3 Kd8 22. Ke2 Ke7 23. Bh4+ f6 24. Kd3 Ke6 25. Ke4 g5 26. Be1 f5+
27. Kd3 h5 28. g3 f4 29. gxf4 exf4 30. Bc3 Ne5+ 31. Bxe5 Kxe5 32. h3 Kf5 33.
Ke2 g4 34. fxg4+ hxg4 35. hxg4+ Kxg4 36. b5 a6 37. a4 f3+ 38. Kf2 Kf4 39. a5
Ke4 40. b6 Kd4 41. Kxf3 Kxc4 42. Ke3 Kxc5 43. Kd3 Kb5 44. Kd4 Kxa5 45. Kc5 Ka4
46. Kd6 a5 47. Kc7 c5 48. Kxb7 c4 49. Ka6 c3 50. b7 c2 51. b8=Q c1=Q 52. Qb5+
Ka3 53. Qxa5+ Kb2 54. Qb4+ Kc2 55. Qc4+ Kd1 1/2-1/2

[Event "Russian Championship B11 1st league 2016"]
[Site "Loo"]
[Date "2016.04.22"]
[Round "3.30"]
[White "Antimenko, Tikhon"]
[Black "Eremin, Ivan"]
[Result "1-0"]
[WhiteElo "1711"]
[BlackElo "1230"]
[PlyCount "45"]
[EventDate "2016.04.20"]

1. e4 c5 2. Nc3 Nc6 3. f4 d6 4. Nf3 g6 5. Bc4 Bg7 6. O-O Nf6 7. e5 dxe5 8. fxe5
Ng4 9. Bxf7+ Kxf7 10. e6+ Bxe6 11. Ng5+ Kg8 12. Nxe6 Bd4+ 13. Kh1 Nf2+ 14. Rxf2
Qd6 15. Nxd4 Qxd4 16. Qf3 Ne5 17. Qe3 Qd6 18. Nb5 Qc6 19. Qxe5 Qxb5 20. Qe6+
Kg7 21. Rf7+ Kh6 22. d4+ Kh5 23. Qh3# 1-0

[Event "Russian Championship B11 1st league 2016"]
[Site "Loo"]
[Date "2016.04.22"]
[Round "3.31"]
[White "Razhbadinov, Rasul"]
[Black "Anikeev, Mark"]
[Result "1/2-1/2"]
[WhiteElo "1224"]
[BlackElo "1707"]
[PlyCount "89"]
[EventDate "2016.04.20"]

1. e4 c5 2. Nf3 d6 3. d4 cxd4 4. Nxd4 Nf6 5. Nc3 Nc6 6. Be3 g6 7. f3 Bg7 8. Qd2
O-O 9. Bc4 Ne5 10. Bb3 Re8 11. O-O-O Bd7 12. h4 h5 13. g4 Rc8 14. Bh6 Bh8 15.
Qg5 Nc4 16. gxh5 Nxh5 17. Rhg1 Kh7 18. Nd5 a5 19. Nf4 Bf6 20. Qd5 e6 21. Qxb7
Kxh6 22. Nxh5 gxh5 23. Qa6 Qc7 24. Bxc4 Ra8 25. Nf5+ exf5 26. Qxd6 Qxd6 27.
Rxd6 Be6 28. exf5 Bxc4 29. Rxf6+ Kh7 30. b3 Bd5 31. c4 Rac8 32. Kb1 Re2 33.
cxd5 Rcc2 34. Rc6 Rxa2 35. f6 Rab2+ 36. Kc1 Ra2 37. Kb1 Rab2+ 38. Kc1 Ra2 39.
Rg7+ Kh6 40. Kd1 Rh2 41. Rg1 Ra1+ 42. Rc1 Raa2 43. Rc5 Ra1+ 44. Rc1 Raa2 45.
Rc6 1/2-1/2

[Event "Russian Championship B11 1st league 2016"]
[Site "Loo"]
[Date "2016.04.22"]
[Round "3.32"]
[White "Asatryan, Leon"]
[Black "Zhosan, Iannis"]
[Result "0-1"]
[WhiteElo "1650"]
[BlackElo "1105"]
[PlyCount "84"]
[EventDate "2016.04.20"]

1. e4 c5 2. Nc3 Nc6 3. f4 e6 4. Nf3 Nge7 5. Bb5 g6 6. O-O Bg7 7. d3 a6 8. Bxc6
bxc6 9. Be3 O-O 10. Bxc5 d6 11. Be3 Rb8 12. Rb1 Bd7 13. Qe1 Qc7 14. Qh4 f5 15.
Ng5 h6 16. Nf3 a5 17. Bd4 fxe4 18. Bxg7 Nf5 19. Qf2 Nxg7 20. dxe4 Rxf4 21. Qe3
Qb6 22. Qxb6 Rxb6 23. Rfd1 d5 24. exd5 exd5 25. Ne5 Bf5 26. Nd3 Bxd3 27. Rxd3
Rfb4 28. b3 a4 29. a3 Rf4 30. b4 Ne6 31. Nxa4 Ra6 32. Nb2 Nd4 33. Rc1 Ne2+ 34.
Kh1 Nxc1 35. Rd1 Rxa3 36. Rxc1 Ra2 37. Nd3 Rxc2 38. Re1 Rd4 39. Ne5 Re2 40. Nf3
Rxe1+ 41. Nxe1 Rd1 42. g3 Rxe1+ 0-1

[Event "Russian Championship B11 1st league 2016"]
[Site "Loo"]
[Date "2016.04.22"]
[Round "3.35"]
[White "Anikin, Aleksandr"]
[Black "Belov, Danila"]
[Result "0-1"]
[WhiteElo "1193"]
[BlackElo "1557"]
[PlyCount "88"]
[EventDate "2016.04.20"]

1. e4 d5 2. exd5 Qxd5 3. Nc3 Qa5 4. d4 c6 5. Nf3 Qc7 6. Bc4 Bf5 7. Ne5 e6 8.
Nf3 Nf6 9. Bg5 Nbd7 10. Qd2 h6 11. Bh4 Bd6 12. Bg3 Nb6 13. Bd3 Bxd3 14. Qxd3
Nbd5 15. Nxd5 Nxd5 16. a3 Nf4 17. Bxf4 Bxf4 18. g3 Bd6 19. O-O-O O-O-O 20. Qe4
Rhe8 21. g4 Bf4+ 22. Kb1 Bd6 23. h4 Qb6 24. Qd3 c5 25. Qc3 Kb8 26. dxc5 Bxc5
27. Ne5 Bd4 28. Rxd4 Qxd4 29. Qg3 Qd6 30. Qe3 f6 31. Nf7 Qc6 32. Qg3+ e5 33.
Re1 Rd7 34. Nxe5 fxe5 35. f4 e4 36. Re3 Rd1+ 37. Ka2 Qc4+ 38. Rb3 Qxc2 39. f5+
Ka8 40. Rc3 Qb1+ 41. Kb3 Rd3 42. Qc7 Rxc3+ 43. Qxc3 Qd3 44. Qxd3 exd3 0-1

[Event "Russian Championship B11 1st league 2016"]
[Site "Loo"]
[Date "2016.04.22"]
[Round "3.37"]
[White "Kurnosov, Egor"]
[Black "Volovich, Evgeny"]
[Result "1-0"]
[WhiteElo "1069"]
[BlackElo "1551"]
[PlyCount "69"]
[EventDate "2016.04.20"]

1. e4 e6 2. d4 d5 3. e5 c5 4. c3 Nc6 5. Nf3 Bd7 6. Be3 Qb6 7. Qb3 c4 8. Qc2
Nge7 9. Nbd2 Nf5 10. Rb1 Nxe3 11. fxe3 Ne7 12. b3 cxb3 13. Nxb3 Qc7 14. Nc5 b6
15. Nxd7 Kxd7 16. Bd3 g6 17. O-O Nf5 18. Rfe1 Bh6 19. Bxf5 exf5 20. Rb5 Qc6 21.
Qb3 Ke6 22. Nd2 Rhd8 23. c4 dxc4 24. Nxc4 Ke7 25. Nd6 Rf8 26. Rf1 f6 27. a4
Rab8 28. e4 fxe5 29. Rxe5+ Kd7 30. Qe6+ Kc7 31. Qe7+ Qd7 32. Nb5+ Kc8 33. Qb4
Re8 34. Rxe8+ Qxe8 35. Nd6+ 1-0

[Event "Russian Championship B11 2016"]
[Site "Loo"]
[Date "2016.04.22"]
[Round "3.1"]
[White "Kochetov, Vladislav"]
[Black "Makoveev, Ilya"]
[Result "0-1"]
[WhiteElo "1674"]
[BlackElo "2137"]
[PlyCount "110"]
[EventDate "2016.04.20"]

1. e4 c5 2. Nf3 e6 3. c3 d5 4. exd5 Qxd5 5. d4 Nf6 6. Be2 Be7 7. O-O O-O 8. Be3
cxd4 9. cxd4 Nc6 10. Nc3 Qd8 11. a3 b6 12. Qd2 Bb7 13. h3 Rc8 14. Rac1 Na5 15.
Qd1 Nd5 16. Bd2 Nc4 17. Bxc4 Rxc4 18. Nxd5 Qxd5 19. Rxc4 Qxc4 20. Be3 Bf6 21.
Nd2 Qd5 22. Qf3 Rc8 23. Qxd5 Bxd5 24. b4 Rc3 25. Ra1 Kf8 26. Kf1 Ke8 27. Nf3
Bxf3 28. gxf3 Kd7 29. Ke2 Kc6 30. Kd2 Rc4 31. Kd3 Kd5 32. Rg1 Bxd4 33. Bxd4
Rxd4+ 34. Ke3 g6 35. Rc1 Rc4 36. Rd1+ Kc6 37. Rd8 Rc3+ 38. Ke2 Rxa3 39. Rf8 Kb5
40. Rxf7 Kxb4 41. Rxh7 Ra5 42. Rh4+ Kc3 43. Re4 e5 44. f4 exf4 45. Rxf4 Re5+
46. Kf1 b5 47. Rf3+ Kb2 48. Rf6 a5 49. Rxg6 a4 50. Rg4 Rd5 51. Ke2 a3 52. Rb4+
Kc2 53. Re4 a2 54. Re3 a1=Q 55. h4 Qd1# 0-1

[Event "Russian Championship B11 2016"]
[Site "Loo"]
[Date "2016.04.22"]
[Round "3.2"]
[White "Ponomarev, Grigori"]
[Black "Safin, Robert"]
[Result "1-0"]
[WhiteElo "1940"]
[BlackElo "1618"]
[PlyCount "67"]
[EventDate "2016.04.20"]

1. e4 c5 2. Nf3 Nc6 3. d4 cxd4 4. Nxd4 Nf6 5. Nc3 e5 6. Ndb5 d6 7. Bg5 a6 8.
Na3 b5 9. Bxf6 gxf6 10. Nd5 f5 11. c3 Be6 12. exf5 Bxf5 13. Qf3 Bd7 14. Nf6+
Ke7 15. Nd5+ Ke8 16. Bxb5 axb5 17. Nxb5 Rc8 18. Nf6+ Ke7 19. Ne4 f5 20. Nexd6
Rb8 21. Rd1 Rxb5 22. Nxb5 e4 23. Qg3 Qb8 24. Qg5+ Ke6 25. a4 Be8 26. Qg3 Ne5
27. Nd4+ Kf6 28. Qh4+ Kg6 29. Ne6 Nd3+ 30. Rxd3 exd3 31. Qg5+ Kf7 32. Nd8+ Qxd8
33. Qxd8 d2+ 34. Qxd2 1-0

[Event "Russian Championship B11 2016"]
[Site "Loo"]
[Date "2016.04.22"]
[Round "3.3"]
[White "Maneluk, Daniil"]
[Black "Makinyan, Ruben"]
[Result "1-0"]
[WhiteElo "1801"]
[BlackElo "1583"]
[PlyCount "129"]
[EventDate "2016.04.20"]

1. e4 e5 2. Nf3 Nc6 3. Bb5 Nf6 4. O-O Nxe4 5. d4 Nd6 6. Bxc6 dxc6 7. dxe5 Nf5
8. Qxd8+ Kxd8 9. Nc3 Bd7 10. Ng5 Be8 11. Rd1+ Kc8 12. g4 Ne7 13. f4 Ng6 14. Be3
Be7 15. Nf3 b6 16. f5 Nh4 17. Nxh4 Bxh4 18. g5 Bd7 19. Rd4 Bxf5 20. Rxh4 Bxc2
21. Ne4 Kb7 22. Rc1 Bd3 23. Bd4 Rad8 24. Bc3 Rd7 25. Nf2 Bg6 26. Re1 Re8 27.
Kg2 Rde7 28. Rd1 Kc8 29. Rhd4 Bh5 30. R1d2 c5 31. Rd5 Bg6 32. Kg3 Bf5 33. b3
Be6 34. R5d3 c4 35. bxc4 Bxc4 36. Rd4 Be6 37. a4 Bf5 38. Rf4 Bg6 39. a5 Re6 40.
Ra4 Rc6 41. Bb2 b5 42. Rad4 Bf5 43. Kf4 Be6 44. Nd3 Ra6 45. Bc3 Rc6 46. Bb4 Rc4
47. Rxc4 Bxc4 48. Nc5 Be6 49. Nxe6 fxe6 50. a6 c6 51. Rd6 Rf8+ 52. Kg4 Re8 53.
Rxc6+ Kd7 54. Rd6+ Kc8 55. Ba5 Kb8 56. Rd7 Rc8 57. Rxg7 Rc4+ 58. Kh5 Rc5 59.
Rb7+ Kc8 60. Rxa7 Rxe5 61. Rc7+ Kd8 62. a7 Rxg5+ 63. Kxg5 h6+ 64. Kf6 b4 65.
a8=Q# 1-0

[Event "Russian Championship B11 2016"]
[Site "Loo"]
[Date "2016.04.22"]
[Round "3.4"]
[White "Makov, Artem"]
[Black "Trofimov, Pavel"]
[Result "0-1"]
[WhiteElo "1547"]
[BlackElo "1748"]
[PlyCount "86"]
[EventDate "2016.04.20"]

1. d4 d5 2. Nf3 Nf6 3. Bg5 Ne4 4. Bh4 c5 5. e3 Qb6 6. Nbd2 Bf5 7. Bd3 e6 8. O-O
Nc6 9. dxc5 Bxc5 10. Bxe4 dxe4 11. Ng5 Be7 12. Qh5 g6 13. Qd1 h6 14. Ngxe4 Bxh4
15. Nc4 Qc7 16. Ned6+ Kf8 17. e4 Rd8 18. exf5 Be7 19. Nb5 Qf4 20. Qe2 gxf5 21.
g3 Qb8 22. Rad1 Kg7 23. Qe3 a6 24. Nc3 b5 25. Nd2 Rd7 26. Nb3 Rhd8 27. Rxd7
Rxd7 28. Nc5 Rd4 29. Nb3 Rd7 30. Nc5 Rd4 31. Nb3 Rd8 32. a3 Ne5 33. Nd2 Rxd2
34. Rd1 Rxd1+ 35. Nxd1 Qd6 36. Nc3 Bg5 37. f4 Nc4 38. Qc1 Bf6 39. Nd1 Bd4+ 40.
Kg2 Qd5+ 41. Kh3 Qf3 42. b3 Qg4+ 43. Kg2 Qxd1 0-1

[Event "Russian Championship B11 2016"]
[Site "Loo"]
[Date "2016.04.22"]
[Round "3.5"]
[White "Kharkevich, Stepan"]
[Black "Krivenko, Dmitry"]
[Result "0-1"]
[WhiteElo "1614"]
[BlackElo "1536"]
[PlyCount "120"]
[EventDate "2016.04.20"]

1. e4 d6 2. d4 Nf6 3. Bd3 g6 4. c4 Bg7 5. Nf3 O-O 6. Nc3 Nc6 7. O-O Bg4 8. d5
Ne5 9. Be2 Bxf3 10. gxf3 e6 11. Bg5 h6 12. Bh4 g5 13. Bg3 Ng6 14. Qd2 e5 15.
Rfe1 Nh5 16. Bf1 Nhf4 17. Bxf4 exf4 18. Bg2 Ne5 19. Ne2 a5 20. Rac1 b6 21. Nd4
Qf6 22. Nf5 Bh8 23. Qc3 Kh7 24. Qc2 Rg8 25. h3 h5 26. Kf1 Rg6 27. Ke2 Re8 28.
Kd2 Qd8 29. Rcd1 Rgg8 30. Kc1 Qd7 31. Nd4 a4 32. Nb5 Ra8 33. a3 Ra5 34. Nc3 Kh6
35. Rd4 Nxf3 36. Bxf3 Bxd4 37. Qe2 h4 38. Bg4 Qe7 39. Bf5 Raa8 40. Rg1 Rae8 41.
Rg4 Qf6 42. Qd3 Bxf2 43. Nxa4 Qd4 44. Qxd4 Bxd4 45. Kd2 Bf2 46. Ke2 Bg3 47. Kf3
Re5 48. Bd7 Rd8 49. Bc6 Rf8 50. Bd7 Re7 51. Bf5 Rfe8 52. Nc3 Re5 53. b3 Rxf5
54. Rxg3 hxg3 55. Kg4 Rfe5 56. Kf3 Rxe4 57. Nxe4 Rxe4 58. Kg2 Re2+ 59. Kf3 Rc2
60. Ke4 g2 0-1

[Event "Russian Championship B11 2016"]
[Site "Loo"]
[Date "2016.04.22"]
[Round "3.6"]
[White "Murzin, Volodar"]
[Black "Putrenko, Kirill"]
[Result "1-0"]
[WhiteElo "2170"]
[BlackElo "1647"]
[PlyCount "113"]
[EventDate "2016.04.20"]

1. Nf3 Nf6 2. g3 e6 3. Bg2 b6 4. O-O Bb7 5. c4 c5 6. b3 d5 7. Bb2 Bd6 8. d3 O-O
9. Re1 Qe7 10. Nc3 a6 11. e4 d4 12. Ne2 Nc6 13. Bc1 e5 14. Bg5 Ne8 15. Nh4 f6
16. Bd2 g6 17. Rf1 Ng7 18. Kh1 Rae8 19. a3 f5 20. f4 exf4 21. Nxf4 Ne5 22. exf5
Nxf5 23. Nxf5 Rxf5 24. Bxb7 Qxb7+ 25. Nd5 Ref8 26. Rxf5 Rxf5 27. Bf4 b5 28.
Bxe5 Bxe5 29. Qe2 Qf7 30. Kg2 bxc4 31. bxc4 Bd6 32. Rb1 Re5 33. Qd2 Qe6 34. Rb2
Rh5 35. Rb6 Qh3+ 36. Kg1 Rf5 37. Qe2 Re5 38. Nf6+ Kf7 39. Ne4 Ke7 40. Rxd6 Rxe4
41. Qxe4+ Kxd6 42. Qd5+ Kc7 43. Qxc5+ Kd8 44. Qxd4+ Ke7 45. Qh4+ Qxh4 46. gxh4
Kd6 47. d4 Kc6 48. Kf2 Kd6 49. Ke3 Ke6 50. Ke4 Kd6 51. c5+ Kc6 52. Ke5 Kd7 53.
d5 Ke7 54. c6 Kd8 55. d6 Ke8 56. Ke6 Kd8 57. d7 1-0

[Event "Russian Championship B11 2016"]
[Site "Loo"]
[Date "2016.04.22"]
[Round "3.7"]
[White "Poroshin, Aleksandr"]
[Black "Vasilyev, Alexey"]
[Result "0-1"]
[WhiteElo "1599"]
[BlackElo "1828"]
[PlyCount "106"]
[EventDate "2016.04.20"]

1. d4 Nf6 2. c4 c5 3. d5 d6 4. Nc3 g6 5. Bg5 Bg7 6. e4 O-O 7. Bd3 Na6 8. a3 Nc7
9. h3 a6 10. Nf3 Bd7 11. O-O b5 12. e5 Nfe8 13. Ne4 f6 14. exf6 exf6 15. Bf4
bxc4 16. Bxc4 Bb5 17. Nfd2 f5 18. Nc3 g5 19. Bh2 Nf6 20. a4 Bxc4 21. Nxc4 f4
22. Re1 Rb8 23. a5 Qd7 24. Nb6 Qf7 25. Qf3 Nd7 26. Nc4 Ne5 27. Nxe5 Bxe5 28.
Ne4 Qg7 29. Rab1 h6 30. b3 Kh8 31. Nd2 Qg6 32. Nc4 Bd4 33. Rbd1 Rbe8 34. Rf1 h5
35. Nxd6 Qxd6 36. Qxh5+ Kg7 37. Qxg5+ Qg6 38. Bxf4 Qxg5 39. Bxg5 Nxd5 40. Bh4
Re2 41. Rde1 Bxf2+ 42. Bxf2 Rfxf2 43. Rxf2 Rxe1+ 44. Rf1 Re5 45. Rc1 Nb4 46.
Kh2 Nc6 47. Rc4 Nxa5 48. Ra4 Nxb3 49. Rxa6 c4 50. Kg1 c3 51. Ra2 Rc5 52. Rc2
Nd4 53. Rxc3 Rxc3 0-1

[Event "Russian Championship B11 2016"]
[Site "Loo"]
[Date "2016.04.22"]
[Round "3.8"]
[White "Merts, Dmitrii"]
[Black "Dudarev, Vladislav"]
[Result "1-0"]
[WhiteElo "1578"]
[BlackElo "1772"]
[PlyCount "141"]
[EventDate "2016.04.20"]

1. e4 c5 2. Nf3 d6 3. d4 cxd4 4. Nxd4 Nf6 5. Nc3 g6 6. Be3 Bg7 7. f3 O-O 8. Qd2
Nc6 9. Bc4 Bd7 10. O-O-O Rc8 11. Bb3 Ne5 12. h4 Nc4 13. Bxc4 Rxc4 14. g4 b5 15.
h5 b4 16. Nce2 Qa5 17. Kb1 Bxg4 18. fxg4 Nxe4 19. Qd3 d5 20. Nb3 Qa6 21. Qxd5
Rxc2 22. Kxc2 Qxe2+ 23. Nd2 Rc8+ 24. Kb1 Nc3+ 25. bxc3 bxc3 26. Bc5 Rb8+ 27.
Kc1 e6 28. Qg5 cxd2+ 29. Rxd2 Bb2+ 30. Kc2 Qe4+ 31. Rd3 Qc4+ 32. Kd2 Bc1+ 33.
Rxc1 Rb2+ 34. Ke1 Qxd3 35. Qe3 Qd8 36. Be7 Qa8 37. Bc5 Qh1+ 38. Qg1 Qf3 39. Qe3
Qxg4 40. Be7 e5 41. Bf6 Qb4+ 42. Kf1 Qb7 43. Qh3 Rb1 44. Bg5 Qb5+ 45. Ke1 Qb4+
46. Kd1 Qd4+ 47. Bd2 Qa4+ 48. Ke1 Qe4+ 49. Kd1 Qa4+ 50. Ke1 Rxc1+ 51. Bxc1 Qxa2
52. Qc8+ Kg7 53. h6+ Kf6 54. Qd8+ Kf5 55. Qc8+ Qe6 56. Qc2+ Kf6 57. Qd2 Qb6 58.
Qg5+ Ke6 59. Qg4+ f5 60. Qc4+ Kf6 61. Qh4+ Ke6 62. Qc4+ Kf6 63. Qh4+ Kf7 64.
Qc4+ Qe6 65. Qc7+ Qe7 66. Qc4+ Ke8 67. Qc8+ Kf7 68. Qc4+ Kf8 69. Be3 Qb7 70.
Bc5+ Ke8 71. Qg8+ 1-0

[Event "Russian Championship B11 2016"]
[Site "Loo"]
[Date "2016.04.22"]
[Round "3.9"]
[White "Ismagilov, Igor"]
[Black "Lystsov, Leonid"]
[Result "0-1"]
[WhiteElo "1719"]
[BlackElo "1569"]
[PlyCount "112"]
[EventDate "2016.04.20"]

1. d4 Nf6 2. Nf3 g6 3. Bg5 Bg7 4. Nbd2 O-O 5. e3 d6 6. Bd3 c5 7. c3 Nc6 8. O-O
h6 9. Bh4 Re8 10. Bb5 Qb6 11. Qa4 a6 12. Bxc6 bxc6 13. Qb3 Qb5 14. Qxb5 cxb5
15. Nb3 c4 16. Nbd2 g5 17. Bg3 Bf5 18. Rfe1 d5 19. Ne5 Nh5 20. f4 Nxg3 21. hxg3
f6 22. Nef3 e5 23. e4 dxe4 24. Nxe4 Bxe4 25. Rxe4 exf4 26. Rxe8+ Rxe8 27. gxf4
Re2 28. Rb1 Kf7 29. fxg5 hxg5 30. Kf1 Re4 31. Re1 Rxe1+ 32. Kxe1 Ke6 33. Ke2
Kd5 34. Ke3 g4 35. Nd2 Bh6+ 36. Ke2 f5 37. Kd1 a5 38. Ke2 b4 39. Kd1 a4 40. Kc2
a3 41. Nf1 axb2 42. Kxb2 bxc3+ 43. Kxc3 f4 44. g3 f3 45. Nh2 f2 46. Nf1 Bg7 47.
Ne3+ Ke4 48. Nxc4 Bh6 49. a4 f1=Q 50. a5 Qd3+ 51. Kb4 Bf8+ 52. Kb5 Kxd4 53. Ka6
Qxc4+ 54. Ka7 Qb5 55. a6 Bd6 56. Ka8 Qb8# 0-1

[Event "Russian Championship B11 2016"]
[Site "Loo"]
[Date "2016.04.22"]
[Round "3.10"]
[White "Grebnev, Aleksey"]
[Black "Gagarinov, Andrey"]
[Result "1-0"]
[WhiteElo "1766"]
[BlackElo "1562"]
[PlyCount "53"]
[EventDate "2016.04.20"]

1. e4 c5 2. Nf3 e6 3. d4 cxd4 4. Nxd4 Nf6 5. Nc3 Nc6 6. Ndb5 Bb4 7. Nd6+ Bxd6
8. Qxd6 Qe7 9. Bf4 e5 10. Qxe7+ Kxe7 11. Bg5 Nb4 12. O-O-O Rb8 13. a3 Nc6 14.
Nd5+ Ke6 15. Bxf6 gxf6 16. Bc4 Na5 17. Ba2 Rg8 18. Rhf1 b6 19. f4 exf4 20. Rxf4
Rg6 21. Rf5 Rh6 22. Nxb6+ Ke7 23. Nd5+ Ke8 24. Nxf6+ Kf8 25. Nxd7+ Bxd7 26.
Rxd7 Rb7 27. Rfxf7+ 1-0

[Event "Russian Championship B11 2016"]
[Site "Loo"]
[Date "2016.04.22"]
[Round "3.11"]
[White "Chugunov, Vadim"]
[Black "Surkov, Alexander"]
[Result "1-0"]
[WhiteElo "1710"]
[BlackElo "1540"]
[PlyCount "159"]
[EventDate "2016.04.20"]

1. e4 c5 2. Nf3 Nc6 3. d4 cxd4 4. Nxd4 e5 5. Nb5 a6 6. Nd6+ Bxd6 7. Qxd6 Qe7 8.
Qd1 Nf6 9. Nc3 O-O 10. Bg5 Qe6 11. Bxf6 Qxf6 12. Nd5 Qd8 13. Bc4 Qa5+ 14. c3 b5
15. Bb3 Qd8 16. O-O Ne7 17. Nxe7+ Qxe7 18. Qd5 Rb8 19. Rad1 Rb6 20. Qd3 Rg6 21.
Bd5 d6 22. Qe3 Qf6 23. Rd3 a5 24. Bc6 b4 25. c4 Rd8 26. b3 Bd7 27. Bd5 a4 28.
Rfd1 axb3 29. axb3 Qe7 30. Ra1 Be6 31. Ra7 Qe8 32. Qb6 Bxd5 33. Rxd5 Ra8 34.
Rb5 Re6 35. Rxa8 Qxa8 36. Qb8+ Re8 37. Qxa8 Rxa8 38. g3 Kf8 39. Rxb4 Ke7 40.
Rb7+ Ke8 41. Kg2 g5 42. Rb6 Kd7 43. Rb7+ Ke6 44. Kf3 h5 45. Rb4 Ra1 46. Rb8 g4+
47. Kg2 Re1 48. Rh8 Rxe4 49. Rxh5 d5 50. Rh6+ Ke7 51. cxd5 Rb4 52. Rh4 Kd6 53.
Kf1 Kxd5 54. h3 f5 55. hxg4 fxg4 56. Ke2 Rxb3 57. Rxg4 Rb2+ 58. Kf1 Rb1+ 59.
Kg2 e4 60. Rf4 Rb2 61. Kf1 Rb3 62. Ke2 Ke5 63. Rf8 Kd4 64. Rd8+ Ke5 65. Rg8
Rb2+ 66. Kf1 Rb1+ 67. Kg2 Rb2 68. Rf8 e3 69. Re8+ Kf5 70. Rxe3 Kg4 71. Re4+ Kf5
72. Rf4+ Kg5 73. Rf8 Kg4 74. Rg8+ Kh5 75. Rc8 Kg4 76. Rc4+ Kf5 77. g4+ Kg5 78.
Kg3 Rb3+ 79. f3 Kg6 80. Rc5 1-0

[Event "Russian Championship B11 2016"]
[Site "Loo"]
[Date "2016.04.22"]
[Round "3.12"]
[White "Tyurin, Artem"]
[Black "Prokhorov, Stepan"]
[Result "0-1"]
[WhiteElo "1532"]
[BlackElo "1689"]
[PlyCount "120"]
[EventDate "2016.04.20"]

1. e4 c5 2. Nf3 Nc6 3. d4 cxd4 4. Nxd4 g6 5. Nc3 Bg7 6. Be3 Nf6 7. Bc4 O-O 8.
O-O d6 9. f3 Qb6 10. Nce2 Qxb2 11. Nxc6 bxc6 12. Rb1 Qa3 13. Bd2 Qc5+ 14. Kh1
Qxc4 15. Be3 Qxa2 16. Qd2 Qa6 17. Rb3 c5 18. Rfb1 Qc6 19. Nf4 Ba6 20. Qa5 Bc4
21. Rb7 e5 22. Nd3 Bxd3 23. cxd3 Nd7 24. Rc7 Qb6 25. Rxb6 axb6 26. Qe1 Nf6 27.
h4 Ra3 28. Rb7 Rfa8 29. Rxb6 Rxd3 30. Bg5 c4 31. Qb1 h6 32. Rb8+ Rxb8 33. Qxb8+
Kh7 34. Bxf6 Bxf6 35. Qc7 c3 36. Qxf7+ Bg7 37. Qc4 Rd1+ 38. Kh2 Rc1 39. Kg3 c2
40. Kf2 h5 41. Ke2 Rg1 42. Kd2 c1=Q+ 43. Qxc1 Rxc1 44. Kxc1 Bf6 45. g3 Kg7 46.
Kc2 Kf7 47. Kc3 g5 48. hxg5 Bxg5 49. Kc4 Ke6 50. Kd3 d5 51. exd5+ Kxd5 52. Ke2
h4 53. f4 Bxf4 54. gxf4 exf4 55. Kf3 Ke5 56. Kf2 Ke4 57. Kg2 Ke3 58. Kf1 h3 59.
Kg1 f3 60. Kf1 h2 0-1

[Event "Russian Championship B11 2016"]
[Site "Loo"]
[Date "2016.04.22"]
[Round "3.13"]
[White "Atovmian, Artem"]
[Black "Kozachek, Stanislav"]
[Result "1-0"]
[WhiteElo "1682"]
[BlackElo "1484"]
[PlyCount "65"]
[EventDate "2016.04.20"]

1. e4 c5 2. Nf3 e6 3. d4 cxd4 4. Nxd4 Nc6 5. Be3 Nf6 6. Nc3 d6 7. Be2 a6 8. O-O
Be7 9. f4 O-O 10. Qe1 Re8 11. Qg3 Bf8 12. Rad1 Qc7 13. Nb3 b5 14. a3 Bb7 15.
Bf3 Rac8 16. Qh3 Rcd8 17. g4 Nd7 18. Rf2 Nb6 19. Qg3 Nc4 20. Bc1 g6 21. h4 Bg7
22. h5 N4a5 23. Nxa5 Qxa5 24. Rh2 h6 25. g5 hxg5 26. hxg6 fxg6 27. Qxg5 Kf7 28.
f5 Rg8 29. fxe6+ Kxe6 30. Bg4+ Kf7 31. Rf1+ Ke8 32. Qxg6+ Ke7 33. Qf7# 1-0

[Event "Russian Championship B11 2016"]
[Site "Loo"]
[Date "2016.04.22"]
[Round "3.18"]
[White "Simonyan, Grigori"]
[Black "Kagan, Mikhail"]
[Result "1-0"]
[WhiteElo "1589"]
[BlackElo "1429"]
[PlyCount "55"]
[EventDate "2016.04.20"]

1. e4 e5 2. Nf3 Nc6 3. Bc4 Nf6 4. Ng5 d5 5. exd5 Na5 6. d3 h6 7. Nf3 e4 8. Qe2
Qe7 9. dxe4 Nxe4 10. O-O Bg4 11. Bd3 Ng5 12. Qxe7+ Bxe7 13. Nxg5 hxg5 14. Bd2
b6 15. Re1 Kd8 16. Bc3 f6 17. h3 Bd7 18. f3 f5 19. Bxg7 Rh7 20. Be5 Rf7 21. Nd2
g4 22. f4 gxh3 23. gxh3 Rh7 24. Kh2 Rh5 25. Rg1 Bf8 26. Rae1 Be8 27. Rg8 Be7
28. Bxc7+ 1-0